| 000 | 00711nam a2200241Ia 4500 | ||
|---|---|---|---|
| 003 | GCL | ||
| 008 | 140319s9999 xx 000 0 ara d | ||
| 040 |
_aGCL / _cGCL |
||
| 082 | 0 | 4 |
_a279.13 _bا و |
| 100 | 1 | _aاحمد دراج | |
| 245 | 1 | 0 |
_aوثائق دير صهيون بالقدس الشريف / _cاحمد دراج |
| 260 |
_a[S.N] : _bمكتبة الانجلوالمصرية ، _c1968 |
||
| 300 | _a183 ص | ||
| 490 | _a | ||
| 650 | 0 | 4 | _aتاريخ |
| 650 | 0 | 4 | _aالاسلام والمسيحية |
| 650 | 0 | 4 | _aالقدس |
| 650 | 0 | 4 | _aالاديرة |
| 650 | 0 | 4 | _aالرهبان |
| 650 | 0 | 4 | _aفلسطين القديمة |
| 650 | 0 | 4 | _aالمسيحيون فى لبنان |
| 942 |
_2ddc _cBK |
||
| 999 |
_c32686 _d32686 |
||